| 000 | 00393nam a2200169 i 4500 | ||
|---|---|---|---|
| 001 | bg | ||
| 100 | 1 | _aKIFTEL, C. | |
| 245 | 0 |
_aMechanika / _cC. Kiftel, W.D. Knight, M.A. Ruderman. |
|
| 250 | _aWyd.3. | ||
| 260 |
_aWarszawa, _c1975. |
||
| 700 | 1 | _aKNIGHT, W. D. | |
| 700 | 1 | _aRUDERMAN, M. A. | |
| 040 | _cBPK | ||
| 041 | _apol | ||
| 942 | _cKS | ||
| 008 | s pl f |000 0 pol | ||
| 999 |
_c2111 _d2111 |
||
| 856 |
_uhttp://koha.tu.koszalin.pl/cgi-bin/koha/opac-detail.pl?biblionumber=2111 _yKatalog online BPK |
||